000 00475nam a22001817a 4500
008 170321b xxu||||| |||| 00| | tur d
020 _a9750704096
041 _atur
050 _aPL219
100 _9877
_aSabit Kemal Bayıldıran
245 _aGünümüz Şiiri Üzerine Yazılar
250 _a1. Baskı
260 _aİstanbul
_bCan Yayınları
_c2004
300 _a229 sayfa
500 _aDüşünce Dizisi: 45
650 0 _9145
_aTürk Edebiyatı
942 _2lcc
_cBK
999 _c1618
_d1593